[Event "AUTO-BEG-386"]
[Site "http://www.queenalice.com/game.php?id=750294"]
[Date "2010.3.23"]
[Round "1"]
[White "marcoshp71"]
[Black "geniolucio"]
[Result "0-1"]
[WhiteElo "1100"]
[BlackElo "1403"]

1. d4 Nf6 2. c4 g6 3. Nc3 Bg7 4. e4 d6 5. Nf3 O-O 6. Be2 b6 7. O-O Bg4 8. h3 Bd7
9. e5 dxe5 10. Nxe5 Bf5 11. d5 Ne4 12. Nc6 Nxc6 13. dxc6 Qxd1 14. Nxd1 Rad8 15.
f3 Ng3 16. Rf2 Bd4 17. Be3 Bg7 18. Nc3 Nxe2+ 19. Rxe2 Bd3 20. Rd2 Bxc4 21. Rad1
Rxd2 22. Rxd2 f5 0-1

[Event "AUTO-BEG-386"]
[Site "http://www.queenalice.com/game.php?id=750295"]
[Date "2010.3.23"]
[Round "1"]
[White "geniolucio"]
[Black "marcoshp71"]
[Result "1-0"]
[WhiteElo "1407"]
[BlackElo "1090"]

1. e4 e6 2. d4 d5 3. Nc3 Bb4 4. e5 Ne7 5. a3 Ba5 6. Bd2 O-O 7. b4 Bb6 8. Nf3
Nbc6 9. Nb5 a6 10. Nc3 Nxd4 11. Nxd4 Bxd4 12. Bd3 Bxe5 13. O-O Qd6 14. g3 b5 15.
f4 Bf6 16. Rc1 Bb7 17. Ne2 Qc6 18. Kf2 d4 19. Ke1 Qg2 20. Ng1 Qxh2 21. Nf3 Qxg3+
22. Rf2 1-0

[Event "AUTO-OPEN-1924"]
[Site "http://www.queenalice.com/game.php?id=751050"]
[Date "2010.3.24"]
[Round "1"]
[White "marcoshp71"]
[Black "Gil"]
[Result "0-1"]
[WhiteElo "1100"]
[BlackElo "1656"]

1. d4 d5 2. c4 Nf6 3. Bg5 e6 4. Nc3 h6 5. Bf4 Bd6 6. Bxd6 Qxd6 7. e3 dxc4 8.
Bxc4 a6 9. Nf3 b5 10. Bd3 Bb7 11. O-O Ng4 12. g3 Qc6 13. Be4 Qb6 0-1

[Event "AUTO-OPEN-1924"]
[Site "http://www.queenalice.com/game.php?id=751051"]
[Date "2010.3.24"]
[Round "1"]
[White "Gil"]
[Black "marcoshp71"]
[Result "1-0"]
[WhiteElo "1658"]
[BlackElo "1100"]

1. d4 d5 2. Nf3 c6 3. e3 Nf6 4. c4 Bg4 5. h3 Bf5 6. Nc3 e6 7. cxd5 exd5 8. Bd3
Bxd3 9. Qxd3 Be7 10. Bd2 O-O 11. O-O Nbd7 12. Rfe1 Re8 13. Rac1 Nb6 14. Ne5 1-0

[Event "AUTO-OPEN-1924"]
[Site "http://www.queenalice.com/game.php?id=751052"]
[Date "2010.3.24"]
[Round "1"]
[White "marcoshp71"]
[Black "FPM"]
[Result "0-1"]
[WhiteElo "1101"]
[BlackElo "1861"]

1. d4 d5 2. c4 dxc4 3. Nf3 Nf6 4. Nc3 a6 5. Bg5 Nbd7 6. e4 b5 7. g3 Bb7 8. e5
Nd5 9. a4 Nxc3 10. bxc3 h6 11. Bf4 e6 12. Bg2 Be7 13. O-O Nb6 14. axb5 axb5 15.
h4 O-O 16. Qb1 c6 17. Nd2 Rxa1 18. Qxa1 Nd5 19. Bxd5 cxd5 20. Qc1 Qa5 0-1

[Event "AUTO-OPEN-1924"]
[Site "http://www.queenalice.com/game.php?id=751053"]
[Date "2010.3.24"]
[Round "1"]
[White "FPM"]
[Black "marcoshp71"]
[Result "1-0"]
[WhiteElo "1859"]
[BlackElo "1101"]

1. e4 c5 2. c3 d6 3. d4 cxd4 4. cxd4 Nf6 5. Nc3 Nbd7 6. Bg5 h6 7. Bh4 e6 8. Nf3
Be7 9. Bd3 O-O 10. Bg3 b6 11. O-O Bb7 12. Bc2 Ne8 13. Qd3 Bf6 14. e5 g6 15. exf6
Qxf6 16. Ne4 Qg7 17. Rac1 d5 18. Nd6 Nxd6 19. Bxd6 Rfd8 20. Be5 Nxe5 21. Nxe5
1-0

[Event "Challenge"]
[Site "http://www.queenalice.com/game.php?id=751858"]
[Date "2010.3.26"]
[Round "-"]
[White "basetorre02"]
[Black "marcoshp71"]
[Result "1-0"]
[WhiteElo "1500"]
[BlackElo "1057"]

1. e4 c5 2. Nf3 d6 3. d4 cxd4 4. Nxd4 Nc6 5. Bb5 Bd7 6. O-O Nf6 7. Re1 e6 8. Bg5
Be7 9. Nc3 O-O 10. f3 h6 11. Be3 a6 12. Bc4 b5 13. Bd3 Nxd4 14. Bxd4 e5 15. Be3
1-0

[Event "Challenge"]
[Site "http://www.queenalice.com/game.php?id=751859"]
[Date "2010.3.26"]
[Round "-"]
[White "marcoshp71"]
[Black "basetorre02"]
[Result "0-1"]
[WhiteElo "1057"]
[BlackElo "1500"]

1. e4 c5 2. Nf3 d6 3. d4 cxd4 4. Nxd4 Nf6 5. Nc3 a6 6. Bg5 e6 7. Bd3 Qb6 8. Nb3
Be7 9. Be3 Qc7 10. O-O O-O 11. Rc1 b5 12. a3 Nbd7 13. a4 b4 14. Ne2 Bb7 0-1

[Event "Challenge"]
[Site "http://www.queenalice.com/game.php?id=751861"]
[Date "2010.3.26"]
[Round "-"]
[White "marcoshp71"]
[Black "basetorre02"]
[Result "0-1"]
[WhiteElo "1057"]
[BlackElo "1500"]

1. e4 c5 2. Nf3 d6 3. d4 cxd4 4. Nxd4 Nf6 5. Bd3 a6 6. O-O e5 7. Nf3 Be7 8. b3
O-O 9. Bb2 Nbd7 10. Nc3 Nc5 11. Nd5 Nxd5 12. exd5 Nxd3 13. Qxd3 Qc7 14. Rac1 b5
0-1

[Event "Challenge"]
[Site "http://www.queenalice.com/game.php?id=751862"]
[Date "2010.3.26"]
[Round "-"]
[White "marcoshp71"]
[Black "basetorre02"]
[Result "0-1"]
[WhiteElo "1057"]
[BlackElo "1500"]

1. e4 c5 2. Nf3 d6 3. d4 cxd4 4. Nxd4 Nf6 5. Nc3 a6 6. Bd3 e5 7. Nf3 Be7 8. O-O
O-O 9. Nd5 Nxd5 10. exd5 Nd7 11. c4 Nc5 12. Be2 Rb8 13. b4 Ne4 14. Bb2 Bg4 15.
h3 Bd7 0-1

[Event "Challenge"]
[Site "http://www.queenalice.com/game.php?id=751863"]
[Date "2010.3.26"]
[Round "-"]
[White "basetorre02"]
[Black "marcoshp71"]
[Result "1-0"]
[WhiteElo "1500"]
[BlackElo "1057"]

1. c4 c5 2. Nc3 Nc6 3. Nf3 Nf6 4. g3 g6 5. Bg2 Bg7 6. O-O O-O 7. d3 d6 8. Bg5
Bg4 9. a3 Nd7 10. Qd2 f6 11. Bh6 Bxf3 12. Bxf3 Nd4 13. Qc1 Nxf3+ 14. exf3 Ne5
15. Bxg7 Kxg7 16. Qe3 1-0

[Event "Challenge"]
[Site "http://www.queenalice.com/game.php?id=751864"]
[Date "2010.3.26"]
[Round "-"]
[White "marcoshp71"]
[Black "basetorre02"]
[Result "0-1"]
[WhiteElo "1057"]
[BlackElo "1500"]

1. c4 e5 2. Nc3 Nf6 3. Nf3 Nc6 4. e3 d5 5. cxd5 Nxd5 6. Bc4 Nb6 7. Be2 Be6 8.
O-O Be7 9. a3 O-O 10. b4 f6 11. d4 exd4 12. Nxd4 Nxd4 13. Qxd4 Qxd4 14. exd4 c6
0-1

[Event "AUTO-BEG-387"]
[Site "http://www.queenalice.com/game.php?id=752113"]
[Date "2010.3.26"]
[Round "1"]
[White "marcoshp71"]
[Black "Felipe_Hawk"]
[Result "0-1"]
[WhiteElo "1089"]
[BlackElo "1546"]

1. d4 d5 2. c4 dxc4 3. Nf3 Nf6 4. Nc3 e6 5. e3 Bb4 6. Bxc4 O-O 7. O-O a6 8. Qc2
b5 9. Bd3 Bxc3 10. Qxc3 Bb7 11. b3 Bxf3 12. gxf3 Nd5 13. Qc2 Qg5+ 14. Kh1 g6 0-1

[Event "AUTO-BEG-387"]
[Site "http://www.queenalice.com/game.php?id=752114"]
[Date "2010.3.26"]
[Round "1"]
[White "Felipe_Hawk"]
[Black "marcoshp71"]
[Result "1-0"]
[WhiteElo "1544"]
[BlackElo "1089"]

1. e4 c5 2. d4 cxd4 3. Qxd4 Nc6 4. Qd5 e6 5. Qb3 Be7 6. Bb5 a6 7. Bxc6 bxc6 8.
Nf3 d6 9. O-O Nf6 10. Qc3 O-O 11. Qxc6 Bd7 12. Qc4 Bb5 13. Qb4 d5 14. Qc3 Bxf1
15. Kxf1 Nxe4 16. Qe5 1-0